| 000 | 00968nam a2200277Ia 4500 | ||
|---|---|---|---|
| 003 | GCL | ||
| 008 | 140319s9999 xx 000 0 ara d | ||
| 040 |
_aGCL / _cGCL |
||
| 082 | 0 | 4 |
_a573 _bب م |
| 100 | 1 | _aهويجر، هارى | |
| 245 | 1 | 0 |
_aمقدمة فى الانثربولوجيا العامة / _cهويجر، هارى |
| 700 | 1 | _aالسيد محمد الحسينى | |
| 700 | 1 | _aمحمد محمود الجوهرى | |
| 260 |
_aالقاهرة : _bنهضة مصر للطباعة والنشر والتوزيع |
||
| 300 |
_a2 مج ؛ _c24 سم |
||
| 490 | _a | ||
| 650 | 0 | 4 | _aالانسان |
| 650 | 0 | 4 | _aالجغرافيا التاريخية |
| 650 | 0 | 4 | _aالثقافة |
| 650 | 0 | 4 | _aالجغرافيا البشرية |
| 650 | 0 | 4 | _aالانتربولوجيا الثقافية |
| 650 | 0 | 4 | _aالانتربولوجيا الفيزيائية |
| 650 | 0 | 4 | _aالاصل والاثار |
| 650 | 0 | 4 | _aالقياس التشريحى |
| 942 |
_2ddc _cBK |
||
| 999 |
_c31339 _d31339 |
||